Logo BPK

Bibliografia Prac Pracowników

Politechniki Koszalińskiej

Die Ausführung der Projekte beim groβen Angagemet der lokalen Gesellschaften und niedrigen Finanzaufwenden / (Rekord nr 10312)

Szczegóły MARC
000 -ETYKIETA REKORDU
podpole kontrolne o stałej długości 00917naa a2200193 a 4500
001 - NUMER KONTROLNY REKORDU
podpole kontrolne 10312
003 - IDENTYFIKATOR NUMERU KONTROLNEGO REKORDU
podpole kontrolne KOSZ 005
005 - DATA OSTATNIEJ MODYFIKACJI REKORDU
podpole kontrolne 20180420110917.0
008 - POLE O STAŁEJ DŁUGOŚCI - DANE KONTROLNE
podpole kontrolne o stałej długości 180417s2002 pl a f |100 0 ger d
040 ## - ŹRÓDŁO KATALOGOWANIA
Instytucja, która sporządziła opis KOSZ 005/AR
Instytucja, która utworzyła rekord KOSZ 005/AR
041 ## - KOD JĘZYKA
Kod języka tekstu ger
Kod języka streszczenia lub abstraktu pol
080 ## - UNIWERSALNA KLASYFIKACJA DZIESIĘTNA - UKD
UKD 94(438)
100 1# - NAZWA OSOBOWA
Nazwa osobowa IDZIAK, Wacław.
Lata pracy 2006 - .
Instytucja Politechnika Koszalińska - Instytut Polityki Społecznej i Stosunków Międzynarodowych,
Wydział Zakład Polityki Społeczno-Gospodarczej
245 10 - TYTUŁ/ODPOWIEDZIALNOŚĆ
Tytuł Die Ausführung der Projekte beim groβen Angagemet der lokalen Gesellschaften und niedrigen Finanzaufwenden /
Pozostałe elementy strefy tytułu i oznaczenia odpowiedzialności Wacław Idziak.
500 ## - UWAGI OGÓLNE
Tekst uwagi
655 #0 - TERMIN INDEKSOWY - OKREŚLENIE RODZAJU/FORMY DOKUMENTU
Określnie rodzaju/formy dokumentu Materiały konferencyjne.
773 0# - TYTUŁ DOKUMENTU MACIERZYSTEGO
Wyrażenie wprowadzające W :
Tytuł Projektzusammenarbeit in einem vereinten Europa : Beiträge zum Seminar / Hrsg. Michał Jasiulewicz, Bogusław Polak, Franz Stepanek. -
Adres wydawniczy Koszalin : Technische Universität Koszalin, 2002. -
Informacje dotyczące relacji s. 159-169
ISBN 8388283855
942 ## - HASŁO DODATKOWE - ELEMENTY(KOHA)
Schemat klasyfikacji Uniwersalna klasyfikacja dziesiętna
Typ dokumentu Rozdział

Brak dostępnych egzemplarzy.

© 2014 Biblioteka Politechniki Koszalińskiej :: BIBLIOGRAFIA PRAC PRACOWNIKÓW